000
00286nam a22001337a 4500
008
180914b xxu||||| |||| 00| 0 eng d
020
_a
9781423906094
041
_a
eng
080
_a
004
100
_a
30
101
_a
SHK
245
_a
Computers Concepts
_c
Oja.D
942
_2
udc
_c
BK
999
_c
47802
_d
47802